| 000 | 01137cam a22003017a 4500 | ||
|---|---|---|---|
| 003 | MX-MxUPN | ||
| 005 | 20240305100115.0 | ||
| 008 | 240222s2023 mx|ao|||r|||| 000 0 spa d | ||
| 020 | _a9786075791180 | ||
| 040 |
_aMX-MxUPN _bspa |
||
| 041 | 0 | _aspa | |
| 050 | 4 |
_aLB1027.43 _bM62 N84 2023 |
|
| 245 | 0 | 0 |
_aNuestro libro de proyectos : _bsegundo grado |
| 250 | _aPrimera edición | ||
| 260 |
_aCiudad de México : _bSecretaría de Educación Pública, Dirección General de Materiales Educativos , _c2023 |
||
| 300 |
_a313 páginas : _bilustraciones, fotografías |
||
| 490 | 0 | _aColección Sk'asolil | |
| 650 | 4 |
_951254 _aNueva Escuela Mexicana |
|
| 650 | 4 |
_927842 _aAprendizaje basado en proyectos |
|
| 650 | 4 |
_951265 _aLenguaje y lenguas _xEstudio y enseñanza (Secundaria) |
|
| 650 | 4 |
_910108 _aCiencia _xEstudio y enseñanza (Secundaria) |
|
| 650 | 4 |
_91512 _aCivismo _xEstudio y enseñanza (Secundaria) |
|
| 650 | 4 |
_951259 _aLenguaje y lenguas _vLibros de texto |
|
| 650 | 4 |
_951255 _aCiencia _vLibros de texto |
|
| 902 |
_aGCH220224 _bVóctorGodínez/050324 |
||
| 942 |
_2lcc _cLIBRO |
||
| 999 |
_c211038 _d211038 |
||